Research methods, design and analysis / (Record no. 19374)
[ view plain ]
| 000 -LEADER | |
|---|---|
| fixed length control field | 01040cam a22003251a 4500 |
| 001 - CONTROL NUMBER | |
| control field | 016748500 |
| 003 - CONTROL NUMBER IDENTIFIER | |
| control field | OSt |
| 005 - DATE AND TIME OF LATEST TRANSACTION | |
| control field | 20180121150641.0 |
| 008 - FIXED-LENGTH DATA ELEMENTS--GENERAL INFORMATION | |
| fixed length control field | 140625t2015 enka frbd 001 0 eng d |
| 020 ## - INTERNATIONAL STANDARD BOOK NUMBER | |
| International Standard Book Number | 9781292057743 |
| 040 ## - CATALOGING SOURCE | |
| Original cataloging agency | Uk |
| Language of cataloging | eng |
| Transcribing agency | Uk |
| Modifying agency | EG-ScBUE |
| 082 04 - DEWEY DECIMAL CLASSIFICATION NUMBER | |
| Classification number | 150.724 |
| Item number | CHR |
| Edition number | 22 |
| 100 1# - MAIN ENTRY--PERSONAL NAME | |
| Personal name | Christensen, Larry B., |
| Dates associated with a name | 1941- |
| 9 (RLIN) | 38031 |
| 245 10 - TITLE STATEMENT | |
| Title | Research methods, design and analysis / |
| Statement of responsibility, etc | Larry B. Christensen, R. Burke Johnson, Lisa A. Turner. |
| 250 ## - EDITION STATEMENT | |
| Edition statement | 12th ed., Global ed. |
| 260 ## - PUBLICATION, DISTRIBUTION, ETC. (IMPRINT) | |
| Place of publication, distribution, etc | Harlow : |
| Name of publisher, distributor, etc | Pearson Education Limited, |
| Date of publication, distribution, etc | c.2015. |
| 300 ## - PHYSICAL DESCRIPTION | |
| Extent | 542 p. : |
| Other physical details | ill. ; |
| Dimensions | 24 cm. |
| 490 0# - Series Statement | |
| Series statement | Always learning |
| 500 ## - GENERAL NOTE | |
| General note | Index : p. 527-542. |
| 500 ## - GENERAL NOTE | |
| General note | Glossary : p. 500-514. |
| 504 ## - BIBLIOGRAPHY, ETC. NOTE | |
| Bibliography, etc | Bibliography : p. 515-526. |
| 650 #7 - SUBJECT ADDED ENTRY--TOPICAL TERM | |
| Topical term or geographic name as entry element | Psychology, Experimental. |
| Source of heading or term | BUEsh |
| 650 #7 - SUBJECT ADDED ENTRY--TOPICAL TERM | |
| Topical term or geographic name as entry element | Psychology |
| General subdivision | Experiments. |
| Source of heading or term | BUEsh |
| 650 #7 - SUBJECT ADDED ENTRY--TOPICAL TERM | |
| Topical term or geographic name as entry element | Experimental design. |
| Source of heading or term | BUEsh |
| 651 ## - SUBJECT ADDED ENTRY--GEOGRAPHIC NAME | |
| Source of heading or term | BUEsh |
| 653 ## - INDEX TERM--UNCONTROLLED | |
| Resource For college | Communication and mass media |
| Arrived date list | May2015 |
| -- | January2018 |
| 700 1# - ADDED ENTRY--PERSONAL NAME | |
| Personal name | Johnson, Burke. |
| 700 1# - ADDED ENTRY--PERSONAL NAME | |
| Personal name | Turner, Lisa Anne. |
| 942 ## - ADDED ENTRY ELEMENTS (KOHA) | |
| Source of classification or shelving scheme | Dewey Decimal Classification |
| Call number prefix | 150.724 CHR |
| Withdrawn status | Item status | Source of classification or shelving scheme | Damaged status | Not for loan | Vendor | Home library | Current library | Shelving location | Date acquired | Source of acquisition | Cost, normal purchase price | Serial Enumeration / chronology | Total Checkouts | Total Renewals | Full call number | Barcode | Date last seen | Date last borrowed | Cost, replacement price | Koha item type |
|---|---|---|---|---|---|---|---|---|---|---|---|---|---|---|---|---|---|---|---|---|
| Dewey Decimal Classification | Alahram | Central Library | Central Library | Lower Floor | 19/05/2015 | 295.00 | 314 | 4 | 10 | 150.724 CHR | 000038250 | 15/07/2025 | 08/10/2018 | 368.75 | Book - Borrowing | |||||
| Dewey Decimal Classification | Baccah | Central Library | Central Library | Lower Floor | 21/01/2018 | Purchase | 260.00 | 21201 | 2 | 24 | 150.724 CHR | 000042723 | 15/07/2025 | 02/03/2022 | 325.00 | Book - Borrowing |